000
00253nam a22000977a 4500
008
240610b |||||||| |||| 00| 0 eng d
100
_a
Tharwani, Arjan
_9
15227
245
_a
Gulzar Aug1968 to Dec 1968
260
_a
Bombay:
_b
Gulzar Pub;
_c
1968.
942
_c
BK
999
_c
39482
_d
39482